000 00539nam a2200217Ia 4500
003 OSt
005 20220924134035.0
006 a|||||r|||| 00| 0
007 ta
008 220923b |||||||| |||| 00| 0 snd d
024 _a271920
037 _cTextual
040 _aARTS
_cARTS
_bsnd
041 _2snd
_asnd
082 _aO142,3M68,MA, 1593J3
100 _aGobind Malhi
_9207953
245 0 _aMaa'u
260 _c1953
942 _hO142,3M68,MA, 1593J3
_cTEXL
_2CC
999 _c436206
_d436206